أبحاث في رسم المصحف و ضبطه / (رقم التسجيلة. 137138)

تفاصيل مارك
000 -الفاتح
عناصر البيانات ثابتة الطول 00589cam a2200169 i 4500
005 - تاريخ ووقت آخر معاملة
حقل ضبط 20251120123255.0
008 - عناصر البيانات ثابتة الطول
عناصر البيانات ثابتة الطول 250721s2018 jo gr 000 0 ara d
082 14 - رقم تصنيف ديوي العشري
رقم التصنيف 211.14
رقم المادة ح م د
100 1# - مدخل رئيسي – اسم شخصي
الاسم الشخصي الحمد، غانم قدوري
علاقة الشخص بالعمل/ دوره مؤلف.
245 10 - بيان العنوان
العنوان أبحاث في رسم المصحف و ضبطه /
بيان المسؤولية د. غانم قدوري الحمد.
264 31 - بيانات النشر، التوزيع…إلخ
مكان النشر، التوزيع...إلخ عمان :
اسم الناشر، الموزع...إلخ جمعية المحافظة على القران،
تاريخ النشر، التوزيع...إلخ 2018.
300 ## - الوصف المادي
عدد الوحدات المكونة للوعاء 306صفحة..
650 17 - مدخل إضافي بالموضوع - مصطلح موضوعي
مصطلح موضوعي أو اسم جغرافي كعنصر مدخل القران الكريم.
650 17 - مدخل إضافي بالموضوع - مصطلح موضوعي
مصطلح موضوعي أو اسم جغرافي كعنصر مدخل رسم المصاحف.
942 ## - بيانات إضافية (كوها)
نوع التنصيف Dewey Decimal Classification
نوع المادة (كوها) كتب
المقتنيات
حالة السحب حالة الفقدان مصدر التصنيف حالة التلف غير قابل للإعارة المكتبة الرئيسية المكتبة الحالية موقع الرف تاريخ التزويد الرقم المتسلسل Total Checkouts رقم الإستدعاء الباركود تاريخ آخر ظهور تاريخ الفاتورة نوع المادة (كوها)
    Dewey Decimal Classification     المكتبة المركزية المكتبة المركزية الإعارة 28/07/2025 1680015   211.14 / ح م د PLD00418851 28/07/2025 28/07/2025 كتب
    Dewey Decimal Classification     المكتبة المركزية المكتبة المركزية مقتنيات قسم التزويد 28/07/2025 1739223   211.14/حمد   28/07/2025 28/07/2025 كتب
    Dewey Decimal Classification     مكتبة بيت السينما مكتبة بيت السينما الإعارة 30/09/2018 1689632   211.14/حمد PLD00434824 28/07/2025 30/09/2018 كتب
    Dewey Decimal Classification     مكتبة حمزة العامة مكتبة حمزة العامة الإعارة 21/07/2018 1680017   211.14/حمد PLD00424324 28/07/2025 21/07/2018 كتب
Implemented & Customized by: BBB with SCIT (Smart Chains for Information Technology)

Powered by Koha